000 00338nam a2200133Ia 4500
008 220216s9999 xx 000 0 und d
100 _aJones W S
245 0 _aCurrent trends in surface dressing
260 _bRubber Developments
_c1959
300 _a123-126
650 _aRubberized bitumen
650 _aSurface dressing
942 _cJS
999 _c56673
_d56673